000 00387nam a2200133Ia 4500
005 20260326235451.0
008 260326s9999||||xx |||||||||||||| ||und||
100 _aJaramillo, Samuel
245 0 _aProducción de Vivienda y capitalismo dependiente :
_b El caso de Bogotá /
_cSamuel Jaramillo
260 _bUniversidad de los Andes
300 _a240 p.
650 _aCOLOMBIA
942 _cBK
999 _c7780
_d7780